[Event "Challenge"]
[Site "http://www.queenalice.com/game.php?id=1087196"]
[Date "2012.7.26"]
[Round "-"]
[White "luccalucas"]
[Black "waveydavey"]
[Result "1-0"]
[WhiteElo "1786"]
[BlackElo "1744"]

1. d4 d5 2. c4 c5 3. cxd5 Qxd5 4. Nf3 Bg4 5. Nc3 Nc6 6. Nxd5 Bxf3 7. Nc7+ Kd7 8.
Nxa8 Bd5 9. dxc5 e6 10. e4 Bxc5 11. exd5 Nd4 12. dxe6+ fxe6 13. Be3 e5 14. Qg4+
1-0

[Event "AUTO-ADV-2576"]
[Site "http://www.queenalice.com/game.php?id=1087219"]
[Date "2012.7.27"]
[Round "1"]
[White "luccalucas"]
[Black "ThiagoTanaka"]
[Result "1-0"]
[WhiteElo "1990"]
[BlackElo "1781"]

1. d4 c6 2. e4 d5 3. e5 Bf5 4. Nf3 e6 5. Be2 Bb4+ 6. c3 Ba5 7. O-O Ne7 8. Nh4
O-O 9. Nd2 Nd7 10. Nxf5 Nxf5 11. Bd3 Ne7 12. Qg4 c5 13. Nb3 Bb6 14. Bg5 c4 15.
Bxh7+ Kxh7 16. Qh4+ 1-0

[Event "AUTO-ADV-2576"]
[Site "http://www.queenalice.com/game.php?id=1087220"]
[Date "2012.7.27"]
[Round "1"]
[White "ThiagoTanaka"]
[Black "luccalucas"]
[Result "1-0"]
[WhiteElo "1809"]
[BlackElo "1942"]

1. d4 e6 2. e4 d5 3. exd5 exd5 4. Nf3 Bd6 5. Bd3 Nf6 6. O-O O-O 7. Nc3 h6 8. Re1
a6 9. Be3 Re8 10. h3 Bd7 11. Bd2 Rxe1+ 12. Qxe1 Nc6 13. Qe2 Qf8 14. Re1 Re8 15.
Qd1 Rxe1+ 16. Qxe1 Nb4 17. Qe2 Nxd3 18. Qxd3 1-0

[Event "AUTO-ADV-2576"]
[Site "http://www.queenalice.com/game.php?id=1087221"]
[Date "2012.7.27"]
[Round "1"]
[White "luccalucas"]
[Black "Modaste"]
[Result "1-0"]
[WhiteElo "1926"]
[BlackElo "2005"]

1. d4 e6 2. c4 d5 3. Nf3 Nf6 4. g3 Be7 5. Bg2 O-O 6. O-O dxc4 7. Qc2 Nc6 8. Qxc4
Nd5 9. Nc3 Nb6 10. Qd3 Nb4 11. Qb1 N6d5 12. a3 Nc6 13. Rd1 Bf6 14. Qc2 a6 15. e4
Nb6 16. Bf4 Nxd4 17. Nxd4 Bxd4 18. Ne2 c5 19. Nxd4 cxd4 20. Bc7 Qf6 21. Bxb6 e5
22. Bc5 Re8 23. Rac1 Bg4 24. Rd3 Rac8 25. Qb3 b5 26. f3 Be6 27. Qb4 Qg5 28. Qd2
Qf6 29. b3 Rc6 30. f4 Rec8 31. fxe5 Qxe5 32. Rxd4 h6 33. Rd8+ Rxd8 34. Qxd8+ Kh7
35. b4 Qb2 36. Rd1 Qxa3 37. e5 Rc8 38. Be4+ g6 39. Qd3 Qb2 40. Bb7 Rc7 41. Bxa6
Rd7 42. Bd6 Bc4 43. Qd2 Qa3 44. Bc8 Rd8 45. Bg4 Qa7+ 46. Bc5 Rxd2 47. Bxa7 Rxd1+
48. Bxd1 Kg7 49. Kf2 f6 50. Bd4 fxe5 51. Bxe5+ Kf7 52. Be2 1-0

[Event "AUTO-ADV-2576"]
[Site "http://www.queenalice.com/game.php?id=1087222"]
[Date "2012.7.27"]
[Round "1"]
[White "Modaste"]
[Black "luccalucas"]
[Result "0-1"]
[WhiteElo "1999"]
[BlackElo "1945"]

1. e4 c5 2. Nf3 d6 3. d4 cxd4 4. Nxd4 Nf6 5. Bd3 Nc6 6. c3 g6 7. O-O Bg7 8. Be3
O-O 9. Nd2 Ng4 10. Qe2 Nxe3 11. Qxe3 Nxd4 12. cxd4 Qb6 13. Nb3 a5 14. d5 Qxe3
15. fxe3 Bxb2 16. Rab1 Ba3 17. Rf3 Kg7 18. h3 b6 19. Nd4 Bb4 20. Nc6 Bc5 21.
Nxe7 Re8 22. Nc6 Bd7 23. Rbf1 Rf8 24. a4 Rae8 25. Kh2 h5 26. Bc2 h4 27. Nd4 Rc8
28. Bb3 Bxd4 29. exd4 b5 30. axb5 Bxb5 31. R1f2 Rc1 32. Rf6 a4 33. Bc2 a3 34.
Bb3 Bc4 35. Bxc4 Rxc4 36. Rxd6 Ra4 37. Ra2 Rb8 38. Rc6 Rb2 39. Ra1 a2 40. Rcc1
Rxd4 41. Re1 Rdd2 42. Rg1 Re2 43. d6 Kf8 44. e5 Ke8 45. Rac1 Rxe5 46. Rgd1 Kd7
47. Rc7+ Kd8 48. Rcc1 Ree2 49. d7 Rxg2+ 50. Kh1 Rh2+ 51. Kg1 Rbg2+ 52. Kf1 Rd2
53. Rc8+ Kxd7 0-1

[Event "AUTO-ADV-2576"]
[Site "http://www.queenalice.com/game.php?id=1087223"]
[Date "2012.7.27"]
[Round "1"]
[White "luccalucas"]
[Black "Shydo"]
[Result "0-1"]
[WhiteElo "1998"]
[BlackElo "1769"]

1. d4 Nf6 2. c4 d5 3. Nc3 e6 4. cxd5 exd5 5. Bg5 Be7 6. e3 O-O 7. Bd3 b6 8. Bxf6
Bxf6 9. Qh5 g6 10. Qxd5 Qxd5 11. Nxd5 Bd8 12. Be4 c6 13. Nb4 Bb7 14. Rc1 Be7 15.
Nd3 Re8 16. Ne2 Kg7 17. O-O Bd6 18. Bf3 Re7 19. Rc2 Nd7 20. Rfc1 Nb8 21. Bxc6
Bxc6 22. Rxc6 Nxc6 23. Rxc6 Rd7 24. f4 Rad8 25. e4 Be7 26. b4 Rd6 27. b5 Rxc6
28. bxc6 Rc8 29. d5 f6 30. Nd4 Bc5 31. Nxc5 bxc5 32. Ne6+ Kf7 33. Nxc5 Ke7 34.
Nd7 f5 35. e5 a5 0-1

[Event "AUTO-ADV-2576"]
[Site "http://www.queenalice.com/game.php?id=1087224"]
[Date "2012.7.27"]
[Round "1"]
[White "Shydo"]
[Black "luccalucas"]
[Result "0-1"]
[WhiteElo "1764"]
[BlackElo "1963"]

1. e4 c5 2. Nf3 d6 3. Bc4 Nf6 4. d3 Nc6 5. O-O g6 6. h3 Bg7 7. c3 O-O 8. Bg5 Na5
9. Bb5 Qb6 10. a4 a6 11. Bxf6 Bxf6 12. b4 cxb4 13. Bc4 Nxc4 14. dxc4 Be6 15. Qd3
Rac8 16. Nbd2 bxc3 17. Rab1 Qc6 18. Nb3 Bxc4 19. Qc2 Bxf1 20. Rxf1 Qxa4 21. Ra1
Qc4 22. Ra4 Qxa4 23. Nfd4 Bxd4 24. Nxd4 Qxd4 0-1

[Event "Challenge"]
[Site "http://www.queenalice.com/game.php?id=1088086"]
[Date "2012.7.28"]
[Round "-"]
[White "luccalucas"]
[Black "plot24"]
[Result "1-0"]
[WhiteElo "1770"]
[BlackElo "1782"]

1. d4 d5 2. c4 e6 3. Nf3 Nf6 4. g3 c6 5. Bg2 Nbd7 6. O-O dxc4 7. a4 Bd6 8. Nbd2
O-O 9. Nxc4 Bc7 10. b3 Nd5 11. Ba3 N7b6 12. Bxf8 Qxf8 13. a5 1-0

[Event "Challenge"]
[Site "http://www.queenalice.com/game.php?id=1088568"]
[Date "2012.7.29"]
[Round "-"]
[White "delgado1971"]
[Black "luccalucas"]
[Result "0-1"]
[WhiteElo "1711"]
[BlackElo "1812"]

1. e4 c5 2. Bc4 e6 3. Nf3 Nc6 4. Nc3 Nf6 5. d3 d5 6. Bb5 Bd7 7. exd5 exd5 8.
Qe2+ Be7 9. Bg5 O-O 10. Bxc6 Bxc6 11. O-O h6 12. Bh4 d4 13. Ne4 Nxe4 14. Bxe7
Qxe7 15. dxe4 Qxe4 16. Qc4 Qg4 17. Kh1 Bxf3 18. gxf3 Qxf3+ 19. Kg1 Rac8 20. Rfe1
Rc6 21. Kf1 Rf6 0-1

[Event "Challenge"]
[Site "http://www.queenalice.com/game.php?id=1088569"]
[Date "2012.7.29"]
[Round "-"]
[White "luccalucas"]
[Black "delgado1971"]
[Result "1-0"]
[WhiteElo "1860"]
[BlackElo "1770"]

1. e4 c5 2. Nf3 Nc6 3. Bb5 d6 4. O-O Bd7 5. Re1 a6 6. Bf1 e6 7. c3 g6 8. d4 cxd4
9. cxd4 Bg7 10. Nc3 Nge7 11. Bf4 O-O 12. Bxd6 Qb6 13. d5 exd5 14. exd5 Rfd8 15.
Bxe7 Nxe7 16. Rxe7 Qxb2 17. Rb1 Qxc3 18. Rxb7 Qc8 19. Qb3 Bf6 20. Re4 Bb5 21.
Rb6 Qf5 22. Nd2 Rxd5 23. Rxf6 Qd7 24. Nc4 Rd1 25. Ref4 Rc8 26. Rxf7 Rxf1+ 27.
Kxf1 Bxc4+ 28. Rxc4 1-0

[Event "Challenge"]
[Site "http://www.queenalice.com/game.php?id=1090009"]
[Date "2012.8.3"]
[Round "-"]
[White "passant"]
[Black "luccalucas"]
[Result "1-0"]
[WhiteElo "1922"]
[BlackElo "1973"]

1. d4 Nf6 2. c4 c5 3. d5 b5 4. b3 g6 5. Bb2 Bg7 6. g3 d6 7. Bg2 bxc4 8. bxc4
Nbd7 9. Nf3 O-O 10. O-O Rb8 11. Qc2 Rxb2 12. Qxb2 Ne4 13. Qc2 Nxg3 14. fxg3 Bxa1
15. Nc3 Bxc3 16. Qxc3 f6 17. Nd2 Ne5 18. Nb3 Ba6 19. Na5 Qd7 20. Rb1 Qa4 21. Nc6
Nxc6 22. dxc6 Rc8 23. Bd5+ Kg7 24. Be6 Rxc6 25. Bd7 1-0

[Event "Challenge"]
[Site "http://www.queenalice.com/game.php?id=1093152"]
[Date "2012.8.14"]
[Round "-"]
[White "luccalucas"]
[Black "Zoe"]
[Result "1-0"]
[WhiteElo "1898"]
[BlackElo "1938"]

1. e4 e6 2. d4 d5 3. Nc3 dxe4 4. Nxe4 Nc6 5. Nf3 Nf6 6. Nxf6+ Qxf6 7. Bg5 Qg6 8.
Bd3 f5 9. O-O Nxd4 10. Bb5+ Nc6 11. Bxc6+ bxc6 12. Qd8+ Kf7 13. Ne5+ 1-0

[Event "Challenge"]
[Site "http://www.queenalice.com/game.php?id=1093155"]
[Date "2012.8.14"]
[Round "-"]
[White "Anonimo"]
[Black "luccalucas"]
[Result "1-0"]
[WhiteElo "1990"]
[BlackElo "1988"]

1. d4 d5 2. Nc3 Nf6 3. Bg5 Bf5 4. f3 h6 5. Bh4 g5 6. Bf2 Bg7 7. e4 dxe4 8. fxe4
Nxe4 9. Nxe4 Bxe4 10. c3 Qd5 11. Nf3 Nc6 12. b3 O-O-O 13. c4 Qa5+ 14. Qd2 Nb4
15. Be2 1-0

[Event "Challenge"]
[Site "http://www.queenalice.com/game.php?id=1096411"]
[Date "2012.8.25"]
[Round "-"]
[White "luccalucas"]
[Black "rnruiz"]
[Result "0-1"]
[WhiteElo "1907"]
[BlackElo "1904"]

1. e4 e5 2. Nf3 d6 3. d4 Nc6 4. dxe5 Bg4 5. exd6 Bxd6 6. h3 Bh5 7. Nc3 Ne5 8.
Be2 Nxf3+ 9. Bxf3 Bg6 10. O-O Ne7 11. e5 Bb4 12. Qe2 Bxc3 13. bxc3 O-O 14. Ba3
c6 15. Rfd1 Qc7 16. Bd6 Qd8 17. Rab1 Qd7 18. Bg4 Qe8 19. Rxb7 Nd5 20. Bxf8 Nxc3
0-1

[Event "Challenge"]
[Site "http://www.queenalice.com/game.php?id=1096437"]
[Date "2012.8.25"]
[Round "-"]
[White "luccalucas"]
[Black "jpribeiro"]
[Result "0-1"]
[WhiteElo "2008"]
[BlackElo "1969"]

1. e4 c5 2. Nf3 d6 3. d4 cxd4 4. Nxd4 Nf6 5. Nc3 g6 6. Be3 Bg7 7. f3 O-O 8. Qd2
Nc6 9. g4 Bd7 10. O-O-O b5 11. Bxb5 Nxd4 12. Bxd4 Bxb5 13. Nxb5 a6 14. Nc3 Rb8
15. h4 h5 0-1

[Event "Challenge"]
[Site "http://www.queenalice.com/game.php?id=1097485"]
[Date "2012.8.28"]
[Round "-"]
[White "luccalucas"]
[Black "Nahid"]
[Result "0-1"]
[WhiteElo "1921"]
[BlackElo "1961"]

1. e4 c5 2. Nf3 d6 3. d4 cxd4 4. Nxd4 Nf6 5. Nc3 a6 6. Be2 b5 7. O-O e5 8. Nb3
Be7 9. Nd5 Nxe4 10. Bf3 Bf5 0-1